Electric machinery fundamentals (Record no. 1961)

000 -LEADER
fixed length control field 00655nam a22002174a 4500
001 - CONTROL NUMBER
control field 1961
003 - CONTROL NUMBER IDENTIFIER
control field BD-DhUET
008 - FIXED-LENGTH DATA ELEMENTS--GENERAL INFORMATION
fixed length control field 030923s2005 nyua b 001 0 eng
020 ## - INTERNATIONAL STANDARD BOOK NUMBER
International Standard Book Number 9780071151559
040 ## - CATALOGING SOURCE
Original cataloging agency DLC
Transcribing agency DLC
Modifying agency BD-DhUET
082 00 - DEWEY DECIMAL CLASSIFICATION NUMBER
Classification number 623
Item number CHA/2005
100 1# - MAIN ENTRY--PERSONAL NAME
Personal name Chapman, Stephen J.
245 10 - TITLE STATEMENT
Title Electric machinery fundamentals
Statement of responsibility, etc. by Stephen J. Chapman
250 ## - EDITION STATEMENT
Edition statement 4th ed.
260 ## - PUBLICATION, DISTRIBUTION, ETC. (IMPRINT)
Place of publication, distribution, etc. Boston
Name of publisher, distributor, etc. McGraw-Hill
Date of publication, distribution, etc. 2005
300 ## - PHYSICAL DESCRIPTION
Extent xxii,746p.
Other physical details ill.
Dimensions 24 cm.
650 #0 - SUBJECT ADDED ENTRY--TOPICAL TERM
Topical term or geographic name as entry element Electric engineering
942 ## - ADDED ENTRY ELEMENTS (KOHA)
Koha item type General Book
856 41 - ELECTRONIC LOCATION AND ACCESS
Uniform Resource Identifier http://www.loc.gov/catdir/toc/mh041/2003065174.html
856 42 - ELECTRONIC LOCATION AND ACCESS
Uniform Resource Identifier http://www.loc.gov/catdir/description/mh041/2003065174.html
Holdings
Koha issues (times borrowed) Copy number Koha renewals Damaged status Koha normalized classification for sorting Koha date last seen Source of classification or shelving scheme Koha full call number Location (home branch) Piece designation (barcode) Lost status Koha out on loan Shelving location Date acquired Price effective from Sublocation or collection (holding branch) Withdrawn status Koha date last borrowed Not for loan Koha item type
2212 623CHA20052025-12-01 623/CHA/2005Central Library, BUET103332 2025-12-15Circulation section2014-09-152014-09-15Central Library, BUET 2025-12-01 General Book
182  623CHA20052025-11-08 623/CHA/2005Central Library, BUET103338  Circulation section2014-11-192014-11-19Central Library, BUET 2025-07-16 General Book
2332 623CHA20052026-01-20 623/CHA/2005Central Library, BUET103341  Circulation section2014-12-092014-12-09Central Library, BUET 2025-12-06 General Book